banner-ar

LOST MASTERPIECES / (Record no. 387)

MARC details
000 -الفاتح
حقل البيانات ثابتة الطول 00653nam a2200241Ia 4500
008 - عناصر البيانات ثابتة الطول - معلومات عامة
حقل البيانات ثابتة الطول 140319s9999 xx 000 0 eng d
020 ## - الرقم الدولى المعيارى للكتب
الرقم الدولى المعيارى للكتاب 0714838721
040 ## - مصدر الفهرسة
وكالة الفهرسة الأصلية GCL /
وكالة النسخ GCL
082 04 - رقم تصنيف ديوى العشرى
رقم التصنيف 724.6
رقم المادة J L
100 1# - المدخل الرئيسى - إسم شخصى
الإسم الشخصى PAXTON, JOSEPH
245 10 - بيان العنوان
العنوان LOST MASTERPIECES /
بيان المسئوليه,etc PAXTON, JOSEPH
700 1# - المدخل الاضافى - اسم شخصى
الإسم الشخصى DUTERT, FERDINAND
700 1# - المدخل الاضافى - اسم شخصى
الإسم الشخصى MC KIM, MEAD
700 1# - المدخل الاضافى - اسم شخصى
الإسم الشخصى MC KIM, WHITE
260 ## - PUBLICATION, DISTRIBUTION, ETC. (IMPRINT)
تاريخ النشر أو التوزيع 1999
300 ## - الوصف المادى
التعداد MULTI
تفاصيل ماديه اخرى للوعاء ILLS ؛
أبعاد الوعاء 30 cm.
490 ## - بيان السلسلة
عنوان السلسلة ARCHITECTURE SERIES
رقم المجلد/ التعيين التسلسلي 0
650 04 - المدخل الاضافى بالموضوع-مصطلح موضوعى
مصطلح موضوعي INTERIOR ARCHITTECTURE
650 04 - المدخل الاضافى بالموضوع-مصطلح موضوعى
مصطلح موضوعي ARCHITECTURE
650 04 - المدخل الاضافى بالموضوع-مصطلح موضوعى
مصطلح موضوعي ARCHITECTURE, MODERN 19th CENTURY
942 ## - عناصر المدخل الإضافي( كوها)
مصدر التصنيف او مخطط الترفيف Dewey Decimal Classification
Koha [default] item type كتاب
260 ## - PUBLICATION, DISTRIBUTION, ETC. (IMPRINT)
-- نيويورك :
-- PHAIDON ،
Holdings
حالة التراجع حالة الفقد حالة تلف ليس للاعارة المكان المؤقت الموقع الحالى تاريخ الاكتساب اجمالي اﻻعارات رقم الطلب الباركود تاريخ اخر مشاهدة تاريخ تفعيل السعر نوع وعاء كوها
        مكتبة القاهرة الكبرى مكتبة القاهرة الكبرى 03/26/2014   724.6\J L 974 03/26/2014 03/26/2014 كتاب
        مكتبة القاهرة الكبرى مكتبة القاهرة الكبرى 03/26/2014   724.6\J L 975 03/26/2014 03/26/2014 كتاب
        مكتبة القاهرة الكبرى مكتبة القاهرة الكبرى 03/26/2014   724.6\J L 976 03/26/2014 03/26/2014 كتاب

Powered By

EGPV